000 00453nam a2200181Ia 4500
008 230524s9999 xx 000 0 und d
020 _a9789382219088
082 _bPAR
100 _aK.Park
_942234
245 0 _aEssentials of Community Health Nursing
250 _a7
260 _aKolkata
_bBhanot
_c2015
300 _a528p;
500 _aQuantity Number: 1
650 _aBio-Medical
_942048
700 _a Banarsidas Bhanot
_942235
942 _cBK
999 _c56586
_d56586